| 000 | 01039 a2200301 4500 | ||
|---|---|---|---|
| 001 | 200421346 | ||
| 003 | TR-AnTOB | ||
| 005 | 20241010104919.0 | ||
| 008 | 150216s tu 000 0 | ||
| 020 | _a9789751620828 | ||
| 040 |
_aTR-AnTOB _btur _erda _cTR-AnTOB |
||
| 041 | 0 | _atur | |
| 050 | 0 | 0 |
_aPL198.M44. _bI44 2008 |
| 090 | _aPL198.M44.I44 2008 | ||
| 100 | 1 |
_aİleri, Canan _9104240 |
|
| 245 | 1 | 0 |
_aEskişehir İli Mihalıççık İlçesi ve yöresi ağızları : _b(ses bilgisi-metinler-dizin) / _cCanan İleri. |
| 264 |
_aAnkara : _bTürk Dil Kurumu, _c2008. |
||
| 300 |
_a879 pages : _bmaps, facsims. ; _c24 cm. |
||
| 336 |
_atext _2rdacontent |
||
| 337 |
_aunmediated _2rdamedia |
||
| 338 |
_avolume _2rdacarrier |
||
| 490 | 0 |
_aTürk Dil Kurumu yayınları ; _v940 |
|
| 504 | _aIncludes bibliographical references (p. [874]-879) and index. | ||
| 650 | 0 | 0 |
_aTürk dili _xLehçeler _zTürkiye _zMihalıççık İlçesi _9104241 |
| 651 | 0 |
_aMihalıççık İlçesi (Türkiye) _xTarih _9104243 |
|
| 942 |
_cBK _2lcc |
||
| 999 |
_c200421346 _d38519 |
||